| 000 | 01482ngm a22003610a 4500 | ||
|---|---|---|---|
| 001 | PT16731 | ||
| 003 | AR-LpoUNG | ||
| 005 | 20210202000236.0 | ||
| 007 | vd cvaizq | ||
| 008 | 191001s1948||||ag |||||||||||||||||ita d | ||
| 037 | _c$6.63 | ||
| 040 |
_aAR-LpoUNG _bspa _cAR-LpoUNG _eaacr |
||
| 041 | _aita | ||
| 044 | _aag | ||
| 082 | 0 | _a305.569 466lad | |
| 100 | 1 |
_aDe Sica, Vittorio _edir. |
|
| 245 | 1 | 0 | _aLadrones de bicicletas |
| 260 |
_aBuenos Aires : _bAltaya, _c[1948]. |
||
| 300 | _aVHS (85 min.) : son., col. | ||
| 520 | _aItalia de posguerra. Antonio Ricci, un obrero en paro de los suburbios de Roma, encuentra trabajo como fijador de carteles pero necesita la bicilceta que se ha visto obligado a empeñar; su mujer, María, pignarará entonces su propio ajuar para conseguir el medio de trabajo para su marido. Pero, en su primer día de trabajo le roban la bicicleta. A partir de ese momento, y con su hijo Bruno como testigo de su angustiosa búsqueda, atravesará los círculos infernales de la sociedad injusta, desigual e insolidaria, perdiendo en ese trayecto hasta su dignidad. | ||
| 650 | 4 | _aDELITOS | |
| 650 | 4 | _aDESIGUALDAD SOCIAL | |
| 650 | 4 | _aITALIA | |
| 650 | 4 | _aPOBREZA | |
| 650 | 4 | _aPROBLEMAS SOCIALES | |
| 650 | 4 | _aSOCIEDAD | |
| 650 | 4 | _aTRABAJADORES | |
| 653 | _aVIDEOS | ||
| 710 | 2 | _aEnte Nacionale di Industria Cinematográfica (Italia) | |
| 710 | 2 | _aProduzione De Sica (firma comercial) | |
| 905 | _a16731 | ||
| 942 | _cVIDEO | ||
| 999 |
_c54428 _d54428 |
||